| 000 | 00712nam a2200241Ia 4500 | ||
|---|---|---|---|
| 003 | OSt | ||
| 005 | 20220925215428.0 | ||
| 006 | a|||||r|||| 00| 0 | ||
| 007 | ta | ||
| 008 | 220923b |||||||| |||| 00| 0 eng d | ||
| 037 | _cGeneral Book | ||
| 040 |
_aRTL _cRTL _beng |
||
| 041 |
_2eng _aeng |
||
| 082 | _aV3.K40<--G00, K9 | ||
| 100 |
_aElton G R _919249 |
||
| 245 | 0 | _aEngland, 1200-1640 | |
| 260 |
_aLondon _bHodder & Stougton _c1969 |
||
| 300 |
_a255p _ccm. |
||
| 490 | _aSources of History: Studies in the uses of Historical evidence. Ed by G R Elton | ||
| 650 |
_aGreat Britain History _91540 |
||
| 942 |
_hV3.K40<--G00, K9 _cGB _2CC |
||
| 999 |
_c568784 _d568784 |
||